Southville International School and Colleges
Your cart is empty.
  • Cart
  • Lists
    Public lists Eva Luna New books Lux_list list_1
    Your lists Log in to create your own lists
  • Log in to your account
  • Your cookies
  • Search history
Southville International School and Colleges
  • Advanced search
  • Recent comments
  • Most popular
  • Libraries

Log in to your account

Log in with GOOGLE


If you do not have an external account, but do have a local account, you can still log in:

  1. Home
  2. MARC view: Concepts in enterprise resource planning /
Normal view MARC view ISBD view

Concepts in enterprise resource planning / (Record no. 48426)

[ view plain ]
MARC details
000 -LEADER
fixed length control field 00707nam a2200217Ia 4500
008 - FIXED-LENGTH DATA ELEMENTS--GENERAL INFORMATION
fixed length control field 140321s9999 xx 000 0 und d
020 ## - INTERNATIONAL STANDARD BOOK NUMBER
International Standard Book Number 9789814352840
050 ## - LIBRARY OF CONGRESS CALL NUMBER
Classification number HD 30.28
Item number .M644 2012
100 ## - MAIN ENTRY--PERSONAL NAME
Personal name Monk, Ellen F.
245 ## - TITLE STATEMENT
Title Concepts in enterprise resource planning /
Statement of responsibility, etc Ellen F. Monk and Bret J. Wagner.
250 ## - EDITION STATEMENT
Edition statement 3rd ed.
260 ## - PUBLICATION, DISTRIBUTION, ETC. (IMPRINT)
Place of publication, distribution, etc Philippines :
Name of publisher, distributor, etc Cengage Learning,
Date of publication, distribution, etc c2012.
300 ## - PHYSICAL DESCRIPTION
Extent 550 p. :
Other physical details ill. ;
Dimensions 23 cm.
500 ## - GENERAL NOTE
General note Includes bibliographical references and index.
521 ## - TARGET AUDIENCE NOTE
Target audience note
650 ## - SUBJECT ADDED ENTRY--TOPICAL TERM
Topical term or geographic name as entry element Business enterprises
General subdivision Computer networks --Management.
650 ## - SUBJECT ADDED ENTRY--TOPICAL TERM
Topical term or geographic name as entry element Business planning.
650 ## - SUBJECT ADDED ENTRY--TOPICAL TERM
Topical term or geographic name as entry element Information resource management.
942 ## - ADDED ENTRY ELEMENTS (KOHA)
Call number prefix Local
Koha item type Books
Holdings
Withdrawn status Lost status Source of classification or shelving scheme Damaged status Home library Current library Shelving location Date acquired Source of acquisition Total Checkouts Full call number Barcode Date last seen Price effective from Koha item type
    Library of Congress Classification   College Library College Library Graduate Section 03/21/2014 Donation   HD 30.28 .M644 2012 C17709 03/14/2017 03/21/2014 Books

Concepts in enterprise resource planning /

APA

Monk E. F., . (2012). Concepts in enterprise resource planning. Philippines: Cengage Learning.

Chicago

Monk Ellen F, . 2012. Concepts in enterprise resource planning. Philippines: Cengage Learning.

Harvard

Monk E. F., . (2012). Concepts in enterprise resource planning. Philippines: Cengage Learning.

MLA

Monk Ellen F, . Concepts in enterprise resource planning. Philippines: Cengage Learning. 2012.

  • Place hold
  • Print
  • Cite
  • Add to your cart (remove)
  • Save record
    BIBTEX Dublin Core MARCXML MARC (non-Unicode/MARC-8) MARC (Unicode/UTF-8) MARC (Unicode/UTF-8, Standard) MODS (XML) RIS
  • More searches
    Search for this title in:
    Other Libraries (WorldCat) Other Databases (Google Scholar) Online Stores (Bookfinder.com) Open Library (openlibrary.org)

Exporting to Dublin Core...

SOUTHVILLE LIBRARY

Southville International School and Colleges Library

1281 Tropical Ave. Cor. Luxembourg St., BF Homes International, Las Pinas City

Tel. No. 8256374 / 252358 Loc. 117/146

Powered by Koha